| 000 | 04685cam a22007694i 4500 | ||
|---|---|---|---|
| 003 | PE-LiUPU | ||
| 005 | 20250731180053.0 | ||
| 008 | 150902s2011 mx a r 001 0 spa d | ||
| 020 | _a9786071505378 | ||
| 035 | _a(Sirsi) i9786071505378 | ||
| 040 |
_aPE-LiUPU _bspa _cPE-LiUPU _dPE-LiUPU _erda |
||
| 049 | _aPRUA | ||
| 082 | 0 | 4 |
_a531.12 _bB33 |
| 082 | 0 | 4 |
_a531.12 _bB33 2011 |
| 100 | 1 |
_aBeer, Ferdinand P., _d1915-2003, _eautor. |
|
| 245 | 1 | 0 |
_aEstática / _cFerdinand P. Beer [y otros tres] ; traductor Jesús Elmer Murrieta Murrieta. |
| 264 | 1 |
_aMéxico : _bMcGraw-Hill Interamericana, _c2011. |
|
| 300 |
_axv, 303 páginas : _bilustraciones ; _c27 centímetros. |
||
| 336 |
_atext _2rdacontent |
||
| 337 |
_aunmediated _2rdamedia |
||
| 338 |
_avolume _2rdacarrier |
||
| 490 | 0 | _aEducación / McGraw-Hill | |
| 504 | _aÍndice : páginas 291-296. | ||
| 505 | 0 | _aAnálisis de la partícula -- ¿Qué es la mecánica? -- Conceptos y principios fundamentales -- Sistemas de unidades -- Conversión de un sistema de unidades a otro -- Fuerza en un plano -- Fuerza sobre una partícula. Resultante de dos fuerzas -- Vectores -- Adición o suma de vectores -- Resultante de varias fuerzas concurrentes -- Descomposición de una fuerza en sus componentes -- Componentes rectangulares de una fuerza. Vectores unitarios -- Adición de fuerzas sumando sus componentes X y Y -- Equilibrio de una partícula -- Primera ley del movimiento de Newton -- Problemas relacionados con el equilibrio de una partícula. Diagrama de cuerpo libre -- Fuerzas en el espacio -- Componentes rectangulares de una fuerza en el espacio -- Fuerza definida en términos de su magnitud y dos puntos sobre una línea de acción -- Adición de fuerzas concurrentes en el espacio -- Equilibrio de una partícula en el espacio -- Análisis el cuerpo rígido -- Análisis de estructuras -- Armaduras -- Armazones y máquinas -- Centroides, centros de gravedad y momentos de inercia -- Fricción -- Índice analítico -- Respuestas problemas. | |
| 526 | _aSEG44 | ||
| 526 | _aSEG26 | ||
| 526 | _aP159 | ||
| 526 | _aP155 | ||
| 526 | _aP154 | ||
| 526 | _aP153 | ||
| 526 | _aP150 | ||
| 526 | _aP100 | ||
| 526 | _aP31 | ||
| 526 | _aP30 | ||
| 526 | _aP26 | ||
| 526 | _aP25 | ||
| 526 | _aP24 | ||
| 526 | _aP22 | ||
| 526 | _aP15 | ||
| 526 | _aP10 | ||
| 541 | _g043-0014565; | ||
| 541 | _g044-0022573; | ||
| 541 | _g001-0000119; | ||
| 650 | 0 | 4 | _aMecánica. |
| 650 | 0 | 4 | _aMecánica vectorial. |
| 650 | 0 | 4 | _aEstática. |
| 650 | 2 | 7 | _aAnálisis vectorial. |
| 650 | 2 | 7 |
_aEstática _vProblemas, ejercicios, etc. |
| 700 | 1 |
_aJohnston, E. Russell Jr., _d1925-2010, _eautor. |
|
| 700 | 1 |
_aMazurek, David F., _eautor. |
|
| 700 | 1 |
_aEisenberg Elliot R., _eautor. |
|
| 700 | 1 |
_aMurrieta Murrieta, Jesús Elmer, _etraductor. |
|
| 910 |
_aaas _bjck _caas _d20150902 |
||
| 910 |
_adbm _bcsm _ccsm _d20180712 |
||
| 942 |
_2ddc _cBOOK |
||
| 949 |
_a531.12 B33 _wDEWEY _c1 _i72317 _d2016-6-7 _e2016-6-3 _lCCODEBUL1 _mBUL _n2 _p17.58 _r0 _sY _tBOOK _u2016-1-27 _xINGENIERIA _PP25 _0COMPRA _o.STAFF. Colección General |
||
| 949 |
_a531.12 B33 _wDEWEY _c1 _iFJ00172 _lCCODEBUJ1 _mBUJ _p18.83 _r0 _sY _tBOOK _u2015-9-2 _xINGENIERIA _PP25 _0COMPRA _o.STAFF. Colección General Juliaca |
||
| 949 |
_a531.12 B33 _wDEWEY _c2 _iFJ00173 _lCCODEBUJ1 _mBUJ _p18.83 _r0 _sY _tBOOK _u2015-9-17 _xINGENIERIA _PP25 _0COMPRA _o.STAFF. Colección General Juliaca |
||
| 994 |
_aC0 _bPEPRU |
||
| 596 | _a1 3 | ||
| 999 |
_a531.12 B33 _wDEWEY _c7019 _iFJ00172 _lCCODEBUJ1 _mBUJ _p18.83 _r0 _sY _tBOOK _u2015-9-2 _xINGENIERIA _PP25 _0COMPRA _o.STAFF. Colección General Juliaca _d7019 |
||
| 999 |
_a531.12 B33 _wDEWEY _c2 _iFJ00173 _d2019-12-2 _e2019-11-21 _f2022-1-19 _g4 _lCCODEBUJ1 _mBUJ _n10 _p18.83 _q12 _r0 _sY _tBOOK _u2015-9-17 _xINGENIERIA _PP25 _0COMPRA _o.STAFF. Colección General Juliaca |
||
| 999 |
_a531.12 B33 _wDEWEY _c1 _i72317 _d2018-5-25 _e2018-5-20 _f2021-11-9 _g7 _lCCODEBUL1 _mBUL _n26 _p17.58 _q9 _r0 _sN _tBOOK _u2016-1-27 _xINGENIERIA _PP25 _0COMPRA _o.STAFF. Colección General |
||
| 999 |
_a531.12 B33 _wDEWEY _c2 _i79106 _d2019-11-25 _e2019-11-13 _f2021-11-9 _g3 _lCCODEBUL1 _mBUL _n8 _p22.75 _q1 _r0 _sY _tBOOK _u2018-7-12 _xINGENIERIA _PP25 _0COMPRA _1FCOMPRA _o.STAFF. Colección Ingeniería y Arquitectura |
||
| 999 |
_a531.12 B33 _wDEWEY _c3 _i79107 _d2019-5-28 _e2019-5-24 _f2021-11-9 _g4 _lCCODEBUL1 _mBUL _n3 _p22.75 _q3 _r0 _sY _tBOOK _u2018-7-12 _xINGENIERIA _PP25 _0COMPRA _1FCOMPRA _o.STAFF. Colección Ingeniería y Arquitectura |
||
| 980 |
_81 _gALBERTO SANCHEZ Responsable de Automatización |
||